000 00319nam a22001337a 4500
003 OSt
008 240709b |||||||| |||| 00| 0 eng d
082 _a362.70954
_bP93R
100 _aNIPC&CD, N. Delhi
245 _aResearch on ICDS an Overview
260 _aNIPC&CD, N. Delhi
_c1989
300 _a507
942 _2ddc
_cRP
999 _c40752
_d40752